|
|
|
|
| LEADER |
00000nam a2200000 a 4500 |
| 001 |
vtls011628553 |
| 003 |
SK-MaSNL |
| 005 |
20260302093611.0 |
| 008 |
220509s2016 xo oda f n 100 0 slo |
| 015 |
|
|
|a SNBA2017/05
|
| 020 |
|
|
|a 9788089216901
|q (brož.)
|
| 035 |
|
|
|a urn:nbn:sk:snk-am00gjma
|
| 035 |
|
|
|a urn:nbn:sk:snk-am3j524
|
| 035 |
|
|
|a 8979DB68-CA13-47F3-A305-6CFA144A56BC
|
| 040 |
|
|
|a SNK
|b slo
|c SNK
|e AACR2
|
| 041 |
0 |
|
|a slo
|
| 044 |
|
|
|a xo
|c SK
|
| 072 |
|
7 |
|a 620.9
|x Energetika
|2 konspekt
|
| 072 |
|
7 |
|a 697
|x Vykurovanie, vetranie, klimatizácia
|2 konspekt
|
| 080 |
|
|
|a 697.1/.7
|2 2011
|
| 080 |
|
|
|a 697.12:721
|2 2011
|
| 080 |
|
|
|a 620.9:338.23
|2 2011
|
| 080 |
|
|
|a (062.534)
|2 2011
|
| 080 |
|
|
|a 620.92/.95
|2 2011
|
| 111 |
2 |
|
|a Obnoviteľné zdroje energie
|n (16. :
|d 2016 :
|c Štrbské Pleso, Slovensko)
|9 426791
|
| 245 |
1 |
0 |
|a Obnoviteľné zdroje energie 2016
|b nízkoexergetické systémy pre zásobovanie budov teplom : 16. vedecko-odbornej konferencie so zahraničnou účasťou : [zborník prednášok] : 17.-18. máj 2016, Hotel Patria, Štrbské Pleso
|c [editori: Dušan Petráš, Zuzana Švecová]
|
| 246 |
1 |
1 |
|a Nízkoexergetické systémy pre zásobovanie budov teplom
|
| 250 |
|
|
|a 1. vyd.
|
| 260 |
|
|
|a Bratislava
|b SSTP
|c [2016]
|
| 300 |
|
|
|a 142 s.
|b fotogr., grafy, ilustr., tab.
|c 29 cm
|
| 366 |
|
|
|e 20 výtlačkov/ 50 výtlačkov CD-ROM
|
| 500 |
|
|
|a Do roku 2016 konferencia pod názvom Nízkoteplotné vykurovanie
|
| 504 |
|
|
|a Bibliografické odkazy
|
| 530 |
|
|
|a Vydané aj v elektronickej forme
|
| 650 |
0 |
7 |
|a vykurovanie
|2 SNKPH
|9 14779
|
| 650 |
0 |
7 |
|a nízkoenergetické domy
|2 SNKPH
|9 82503
|
| 650 |
0 |
7 |
|a energetická politika
|2 SNKPH
|9 3923
|
| 650 |
0 |
7 |
|a alternatívne energetické zdroje
|2 SNKPH
|9 3476
|
| 650 |
0 |
7 |
|a Heating
|2 SNKPHeng
|9 274659
|
| 650 |
0 |
7 |
|a Low energy buildings
|2 SNKPHeng
|9 266484
|
| 650 |
0 |
7 |
|a Energy policy
|2 SNKPHeng
|9 329598
|
| 650 |
0 |
7 |
|a Renewable energy sources
|2 SNKPHeng
|9 266485
|
| 655 |
|
7 |
|a zborníky konferencií
|2 SNKPH
|9 70153
|
| 655 |
|
7 |
|a Proceedings of conferences
|2 SNKPHeng
|9 265791
|
| 700 |
1 |
|
|a Petráš, Dušan,
|d 1956-
|4 edt
|9 85201
|
| 700 |
1 |
|
|a Švecová, Zuzana,
|d 1970-
|4 edt
|9 203643
|
| 776 |
1 |
|
|t Obnoviteľné zdroje energie 2016
|w vtls011628443
|
| 919 |
|
|
|a 978-80-89216-90-1
|
| 958 |
|
|
|a NB
|
| 999 |
|
|
|c 1209613
|d 1211543
|
| 952 |
|
|
|a SNK
|b SNK
|y VYP
|7 0
|p 17A1322202
|o snkSB 91509 D1
|i snk2018/6250
|8 0
|0 0
|1 0
|4 0
|d 2018-03-13
|l 0
|r 2026-02-24 23:09:09
|w 2026-02-24
|
| 952 |
|
|
|a SNK
|b SNK
|y PREZ
|7 0
|p 17A1258334
|o snkSB 91509
|i snk2017/10816
|8 0
|0 0
|1 0
|4 0
|d 2017-05-11
|f 1
|l 0
|r 2025-05-14 00:00:00
|w 2026-02-24
|